| 000 | 00000nam##2200000za#4500 |
| 001 | 9.615148 |
| 003 | CaOODSP |
| 005 | 20210929082757 |
| 007 | ta |
| 008 | 150406|2000||||xxc||||| f|0| 0 eng|d |
| 020 | |a0-662-28866-1 |
| 022 | |a1209-6571 |
| 040 | |aCaOODSP|beng |
| 043 | |an-cn--- |
| 086 | 1 |aFo29-47/21-2000E |
| 110 | 1 |aCanada. |bNatural Resources Canada. |bCanadian Forest Service. |
| 245 | 10|aMarketing forestry research and information on the Web : |bthe Canadian Forest Service on-line bookstore / |cby S. G. Glover et al. |
| 260 | |aVictoria - British Columbia : |bNatural Resources Canada. |c2000. |
| 300 | |a4p. : |bfigs., references ; |c28 cm. |
| 490 | 1 |aTechnology transfer note|x1209-6571|vNo. 21, February 2000 |
| 563 | |aPamphlet |
| 590 | |a00-28|b2000-07-14 |
| 690 | 07|aPublishing|2gcpds |
| 690 | 07|aInternet|2gcpds |
| 690 | 07|aForests|2gcpds |
| 720 | 1 |aGlover, S. G. |
| 776 | 0#|tMarketing forestry research and information on the Web : |w(CaOODSP)9.572375 |
| 830 | #0|aTechnology transfer note,|x1209-6571|vNo. 21, February 2000|w(CaOODSP)9.514646 |